Southville International School and Colleges
Your cart is empty.
  • Cart
  • Lists
    Public lists Eva Luna New books Lux_list list_1
    Your lists Log in to create your own lists
  • Log in to your account
  • Your cookies
  • Search history
Southville International School and Colleges
  • Advanced search
  • Recent comments
  • Most popular
  • Libraries

Log in to your account

Log in with GOOGLE


If you do not have an external account, but do have a local account, you can still log in:

  1. Home
  2. MARC view: More science for you /
Normal view MARC view ISBD view

More science for you / (Record no. 12121)

[ view plain ]
MARC details
000 -LEADER
fixed length control field 00552nam a22001937a 4500
003 - CONTROL NUMBER IDENTIFIER
control field OSt
005 - DATE AND TIME OF LATEST TRANSACTION
control field 20140310182340.0
008 - FIXED-LENGTH DATA ELEMENTS--GENERAL INFORMATION
fixed length control field 130926t xxu||||| |||| 00| 0 eng d
020 ## - INTERNATIONAL STANDARD BOOK NUMBER
International Standard Book Number 9780830631254
050 ## - LIBRARY OF CONGRESS CALL NUMBER
Classification number Q 164
Item number .B8423 1988
082 ## - DEWEY DECIMAL CLASSIFICATION NUMBER
Classification number GS 507.8
Item number B81 1988
100 ## - MAIN ENTRY--PERSONAL NAME
Personal name Brown, Bob
9 (RLIN) 21715
245 ## - TITLE STATEMENT
Title More science for you /
Remainder of title 112 illustrated experiments ;
Statement of responsibility, etc Bob brown
260 ## - PUBLICATION, DISTRIBUTION, ETC. (IMPRINT)
Place of publication, distribution, etc New York :
Name of publisher, distributor, etc TAB Books,
Date of publication, distribution, etc c1988.
300 ## - PHYSICAL DESCRIPTION
Extent 124 p. :
Other physical details ill. ;
Dimensions 24 cm.
600 ## - SUBJECT ADDED ENTRY--PERSONAL NAME
Personal name Brown, Bob
9 (RLIN) 21716
942 ## - ADDED ENTRY ELEMENTS (KOHA)
Source of classification or shelving scheme Library of Congress Classification
Koha item type
Edition GS
Holdings
Withdrawn status Lost status Source of classification or shelving scheme Damaged status Home library Current library Shelving location Date acquired Total Checkouts Full call number Barcode Date last seen Copy number Price effective from Koha item type
    Library of Congress Classification   Luxembourg Library Luxembourg Library Grade School Section 09/26/2013   Q 164 .B8423 1988 6299 09/26/2013 1 09/26/2013 Books

More science for you /

APA

Brown B., . (1988). More science for you. New York: TAB Books.

Chicago

Brown Bob, . 1988. More science for you. New York: TAB Books.

Harvard

Brown B., . (1988). More science for you. New York: TAB Books.

MLA

Brown Bob, . More science for you. New York: TAB Books. 1988.

  • Place hold
  • Print
  • Cite
  • Add to your cart (remove)
  • Save record
    BIBTEX Dublin Core MARCXML MARC (non-Unicode/MARC-8) MARC (Unicode/UTF-8) MARC (Unicode/UTF-8, Standard) MODS (XML) RIS
  • More searches
    Search for this title in:
    Other Libraries (WorldCat) Other Databases (Google Scholar) Online Stores (Bookfinder.com) Open Library (openlibrary.org)

Exporting to Dublin Core...

SOUTHVILLE LIBRARY

Southville International School and Colleges Library

1281 Tropical Ave. Cor. Luxembourg St., BF Homes International, Las Pinas City

Tel. No. 8256374 / 252358 Loc. 117/146

Powered by Koha